Statistics for Countries that see the US as their top ally

Click here to take the quiz!

General Stats

  • This quiz has been taken 46 times
  • The average score is 11 of 17

Answer Stats

Military RankCountry% Correct
#19Australia
92%
#21Canada
92%
#5Japan
92%
#6South Korea
90%
#4India
87%
#46Mexico
85%
#9Brazil
82%
#32South Africa
82%
#20Israel
79%
#48Philippines
69%
#42Argentina
67%
#11Turkey
56%
#16Indonesia
49%
#83Kenya
31%
#35Nigeria
31%
#116Lebanon
23%
#73Tunisia
21%

Score Distribution

Percentile by Number Answered

Percent of People with Each Score

Your Score History

You have not taken this quiz